[Event "35. Potsdamer Weihnachtsturnier"]
[Site "?"]
[Date "2010.12.29"]
[Round "6.27"]
[White "Schrodt, Horst"]
[Black "Brandt, Fred"]
[Result "1-0"]
[WhiteElo "1699"]
[BlackElo "1911"]
[PlyCount "115"]
[EventDate "2010.??.??"]
[WhiteTeam "SC Eintracht Berlin e.V."]
[BlackTeam "SV Königsjäger Süd-West e.V."]

1. d4 Nf6 2. c4 e6 3. Nc3 d5 4. Nf3 Be7 5. cxd5 exd5 6. e3 O-O 7. Be2 c6 8. O-O
Bf5 9. h3 Bd6 10. Bd2 Nbd7 11. Rc1 Ne4 12. a3 a5 13. Nxe4 dxe4 14. Ne1 Nf6 15.
Bc3 Nd5 16. Bg4 Bg6 17. Bh5 Qg5 18. Bxg6 fxg6 19. Qe2 h5 20. Bd2 Rf7 21. f4 Qh4
22. Qf2 Qe7 23. h4 Bc7 24. g3 Rf5 25. Ng2 Raf8 26. Rc5 Bb6 27. Rc4 Nc7 28. b4
Ra8 29. Rfc1 Nb5 30. bxa5 Bxa5 31. Bxa5 Rxa5 32. Rc5 Nxa3 33. Rxf5 gxf5 34. Qd2
Rd5 35. Qa2 Kh7 36. Rc3 Nb5 37. Rb3 Qd7 38. Qb2 Nd6 39. Kf2 Rb5 40. Ne1 Rxb3
41. Qxb3 Nb5 42. Nc2 g6 43. Qc4 Nd6 44. Qc5 Qe6 45. Ke1 Nc4 46. Qa7 Qd7 47. Qc5
Qf7 48. Ke2 Qe6 49. Nb4 Qd6 50. Qxc4 Kg7 51. Qc5 Qd7 52. d5 cxd5 53. Nxd5 Kf7
54. Qc7 Qxc7 55. Nxc7 Ke7 56. Nb5 Kd7 57. Kd2 Kc6 58. Nd4+ 1-0

[Event "35. Potsdamer Weihnachtsturnier"]
[Site "?"]
[Date "2010.12.29"]
[Round "6.29"]
[White "Laurin, Dirk"]
[Black "Scholz, Ralf-Dieter"]
[Result "0-1"]
[WhiteElo "1678"]
[BlackElo "1898"]
[PlyCount "105"]
[EventDate "2010.??.??"]
[WhiteTeam "SG Narva Berlin e.V."]
[BlackTeam "USV Potsdam e.V., Abt. Schach"]

1. e4 c5 2. d4 cxd4 3. c3 d3 4. Bxd3 Nc6 5. Nf3 d6 6. Be3 Nf6 7. O-O e5 8. Ne1
Be7 9. f4 Ng4 10. Qf3 O-O 11. f5 Nxe3 12. Qxe3 Bg5 13. Qe2 a6 14. Nf3 Be7 15.
Na3 b5 16. Nc2 Bb7 17. Ne3 Nb8 18. Rad1 Nd7 19. Ng4 Re8 20. Bc2 Qc7 21. Nd2
Rad8 22. Rf3 h5 23. Nf2 Nf6 24. Kh1 d5 25. Rh3 d4 26. Nf3 dxc3 27. bxc3 Qxc3
28. Ng5 Qc5 29. Bb3 Rxd1+ 30. Nxd1 Rf8 31. Rxh5 Nxh5 32. Qxh5 Bxg5 33. Qxg5 Qb6
34. Nc3 Qh6 35. h4 Qxg5 36. hxg5 Kh8 37. Nd5 Bxd5 38. Bxd5 f6 39. g6 Rd8 40.
Kh2 b4 41. Kh3 a5 42. Kh4 a4 43. g4 Rb8 44. g5 b3 45. axb3 axb3 46. Bxb3 Rxb3
47. gxf6 gxf6 48. Kg4 Kg7 49. Kh4 Re3 50. Kh5 Re1 51. Kg4 Rxe4+ 52. Kf3 Rf4+
53. Ke3 0-1

[Event "35. Potsdamer Weihnachtsturnier"]
[Site "?"]
[Date "2010.12.29"]
[Round "6.30"]
[White "Schmidt, Konrad"]
[Black "Schwarz, Oliver"]
[Result "0-1"]
[WhiteElo "1478"]
[BlackElo "1860"]
[PlyCount "66"]
[EventDate "2010.??.??"]
[WhiteTeam "USV TU Dresden"]
[BlackTeam "SV Königsjäger Süd-West e.V."]

1. e4 e6 2. d4 d5 3. exd5 exd5 4. Nf3 Nc6 5. Be2 Bd6 6. Nc3 Nge7 7. Bg5 f6 8.
Be3 Be6 9. Qd2 a6 10. Nh4 Qd7 11. Na4 O-O-O 12. Nc5 Bxc5 13. dxc5 d4 14. O-O-O
Bxa2 15. h3 dxe3 16. Qxe3 Qe6 17. Bg4 f5 18. Qxe6+ Bxe6 19. Be2 Rxd1+ 20. Rxd1
Rd8 21. Re1 Bd5 22. c4 Bf7 23. Nf3 h6 24. Nd2 Nd4 25. Bd1 Nec6 26. g4 Re8 27.
Re3 Rxe3 28. fxe3 Ne6 29. gxf5 Nxc5 30. b3 Nd3+ 31. Kc2 Nf2 32. Be2 Nxh3 33.
Bg4 Nf2 0-1

[Event "35. Potsdamer Weihnachtsturnier"]
[Site "?"]
[Date "2010.12.29"]
[Round "6.33"]
[White "Perestjuk, Marko"]
[Black "Heinrich, Philipp"]
[Result "1-0"]
[WhiteElo "1944"]
[BlackElo "1662"]
[PlyCount "29"]
[EventDate "2010.??.??"]
[WhiteTeam "SC Zitadelle Spandau 1977 e.V."]
[BlackTeam "Schachverein Briesen e.V."]

1. e4 e5 2. Nf3 d6 3. d4 Nf6 4. Nc3 exd4 5. Nxd4 Be7 6. Bf4 Be6 7. Qd2 Nbd7 8.
O-O-O O-O 9. Kb1 c6 10. Nxe6 fxe6 11. Bxd6 Bxd6 12. Qxd6 Re8 13. Bc4 Kf7 14.
Rhf1 Nb6 15. Bxe6+ 1-0

[Event "35. Potsdamer Weihnachtsturnier"]
[Site "?"]
[Date "2010.12.29"]
[Round "6.34"]
[White "Stegmann, Jens"]
[Black "Toth, Hans-Juergen"]
[Result "1-0"]
[WhiteElo "1839"]
[BlackElo "1647"]
[PlyCount "53"]
[EventDate "2010.??.??"]
[WhiteTeam "SC Zugzwang 95 e.V."]
[BlackTeam "SF Zehdenick 76 e.V."]

1. d4 e6 2. Bf4 d5 3. e3 Nf6 4. Bd3 c5 5. c3 cxd4 6. exd4 Bd6 7. Bg3 O-O 8. Nd2
Bxg3 9. hxg3 Bd7 10. Ngf3 h6 11. Ne5 Qb6 12. b3 Nc6 13. f4 Rac8 14. Ng4 Qd8 15.
Ne5 Ne7 16. Rc1 Re8 17. g4 Kf8 18. g5 Nfg8 19. gxh6 Nxh6 20. Rxh6 gxh6 21. Qh5
Ng6 22. Qxh6+ Ke7 23. Nxf7 Qc7 24. Bxg6 Qb8 25. Qg5+ Kf8 26. Qf6 Kg8 27. Nh6#
1-0

[Event "35. Potsdamer Weihnachtsturnier"]
[Site "?"]
[Date "2010.12.29"]
[Round "6.35"]
[White "Walter-von Gierke, Frank"]
[Black "Kostré, Margarita"]
[Result "0-1"]
[WhiteElo "1600"]
[BlackElo "1805"]
[PlyCount "60"]
[EventDate "2010.??.??"]
[WhiteTeam "ohne Verein"]
[BlackTeam "Schachpinguine Berlin e.V."]

1. Nf3 Nf6 2. d4 g6 3. c4 d5 4. cxd5 Bg7 5. Nc3 Nxd5 6. e4 Nxc3 7. bxc3 c5 8.
Bb5+ Bd7 9. Bxd7+ Nxd7 10. Rb1 Qa5 11. Qc2 cxd4 12. Nxd4 Bxd4 13. Bd2 Bg7 14.
Rxb7 Nc5 15. c4 Qd8 16. Rb5 Rc8 17. O-O O-O 18. Rd1 Qc7 19. Ba5 Qc6 20. Rd5 Nb7
21. Bb4 Rfe8 22. g3 a6 23. Rbc5 Nxc5 24. Rxc5 Qb6 25. Rxc8 Rxc8 26. Bd2 Qd4 27.
Be3 Rxc4 28. Qb1 Rb4 29. Qc2 Qc4 30. Qd1 Qxe4 0-1

[Event "35. Potsdamer Weihnachtsturnier"]
[Site "?"]
[Date "2010.12.29"]
[Round "6.36"]
[White "Kliem, Helmut"]
[Black "Steppan, Siegfried"]
[Result "1/2-1/2"]
[WhiteElo "1799"]
[BlackElo "1604"]
[PlyCount "83"]
[EventDate "2010.??.??"]
[WhiteTeam "SV Königsjäger Süd-West e.V."]
[BlackTeam "SV Werder/H."]

1. e4 c6 2. d3 d5 3. Nd2 e5 4. Ngf3 Bd6 5. Be2 Nf6 6. O-O O-O 7. Re1 Re8 8. c4
d4 9. h3 Nbd7 10. Nf1 h6 11. a3 c5 12. Ng3 Nf8 13. Bd2 b6 14. b4 Bd7 15. Nh2
Qc7 16. Ng4 N8h7 17. b5 a6 18. bxa6 Rxa6 19. Qb3 Bf8 20. Rf1 Nxg4 21. hxg4 g6
22. f4 exf4 23. Bxf4 Bd6 24. Bxd6 Qxd6 25. Kh2 Nf6 26. Qd1 Raa8 27. Qd2 Kg7 28.
Qf4 Qxf4 29. Rxf4 Nh7 30. Raf1 Ng5 31. Rf6 b5 32. cxb5 Bxb5 33. Rb6 Bd7 34. Rc1
Ne6 35. Ra1 Nf4 36. Kg1 Nxe2+ 37. Nxe2 Bxg4 38. Nc1 Be6 39. Ne2 g5 40. Kf1 f5
41. Ng3 f4 42. Ne2 1/2-1/2

[Event "35. Potsdamer Weihnachtsturnier"]
[Site "?"]
[Date "2010.12.29"]
[Round "6.37"]
[White "Haar, Reinhard"]
[Black "Maslov, Maxim"]
[Result "0-1"]
[WhiteElo "1501"]
[BlackElo "1790"]
[PlyCount "34"]
[EventDate "2010.??.??"]
[WhiteTeam "SV Rochade Potsdam-West e.V."]
[BlackTeam "TuS Makkabi Berlin e.V."]

1. d4 d5 2. c4 e6 3. Nc3 c6 4. Nf3 f5 5. Bf4 Nf6 6. e3 Nbd7 7. Bd3 Be7 8. O-O
O-O 9. cxd5 cxd5 10. Nb5 Ne8 11. Rc1 Ndf6 12. Bc7 Nxc7 13. Rxc7 a6 14. Rxe7
axb5 15. Rxg7+ Kxg7 16. Ne5 Nd7 17. Ng4 Qg5 0-1

[Event "35. Potsdamer Weihnachtsturnier"]
[Site "?"]
[Date "2010.12.29"]
[Round "6.38"]
[White "Reyher, Susan"]
[Black "Cech, Tim"]
[Result "0-1"]
[WhiteElo "1392"]
[BlackElo "1780"]
[PlyCount "38"]
[EventDate "2010.??.??"]
[WhiteTeam "SC Empor Potsdam 1952 e.V."]
[BlackTeam "USV Potsdam e.V., Abt. Schach"]

1. e4 e5 2. Nf3 Nf6 3. Nc3 Nc6 4. Bc4 Bb4 5. d3 d5 6. exd5 Nxd5 7. Bd2 Be6 8.
O-O Bxc3 9. bxc3 O-O 10. Re1 Qd6 11. Re4 Nf6 12. Rh4 Rad8 13. Qe2 Rfe8 14. Qe3
e4 15. dxe4 Bxc4 16. e5 Nxe5 17. Nxe5 Rxe5 18. Qf3 Qxd2 19. Rxc4 Re1+ 0-1

[Event "35. Potsdamer Weihnachtsturnier"]
[Site "?"]
[Date "2010.12.29"]
[Round "6.39"]
[White "Schroeder, Detlef"]
[Black "Nguyen, Anh Van"]
[Result "1-0"]
[WhiteElo "1771"]
[BlackElo "1414"]
[PlyCount "93"]
[EventDate "2010.??.??"]
[WhiteTeam "SV Motor Wildau e.V."]
[BlackTeam "USV Potsdam e.V., Abt. Schach"]

1. d4 Nf6 2. Nf3 c5 3. d5 d6 4. c4 e6 5. Nc3 exd5 6. cxd5 Bf5 7. Nh4 Bd7 8. g3
Be7 9. Bg2 O-O 10. O-O Qc8 11. e4 Bh3 12. Nf3 Bxg2 13. Kxg2 Nbd7 14. Re1 Ng4
15. Bf4 Qc7 16. Rc1 a6 17. h3 Nge5 18. Bxe5 Nxe5 19. Nxe5 dxe5 20. a4 Rfd8 21.
Re2 Rd7 22. h4 Rad8 23. Qc2 Rc8 24. Nd1 b6 25. Ne3 g6 26. Qc4 a5 27. Qb5 Qb7
28. Nc4 Bd8 29. Nxe5 Re7 30. Nc6 Re8 31. Nxa5 Qb8 32. Qxe8+ Kg7 33. Nc6 Qc7 34.
Nxd8 Rxd8 35. Qb5 Ra8 36. b4 Qa7 37. bxc5 bxc5 38. Rxc5 Qxa4 39. Qxa4 Rxa4 40.
d6 Rd4 41. Rd5 Rxd5 42. exd5 h5 43. d7 f5 44. d8=Q f4 45. Qe7+ Kh6 46. Qf8+ Kh7
47. Re7# 1-0

[Event "35. Potsdamer Weihnachtsturnier"]
[Site "?"]
[Date "2010.12.29"]
[Round "6.40"]
[White "Schellknecht, Joerg"]
[Black "Engers, Felix"]
[Result "1-0"]
[WhiteElo "1765"]
[BlackElo "1330"]
[PlyCount "23"]
[EventDate "2010.??.??"]
[WhiteTeam "SC Caissa Falkensee e.V."]
[BlackTeam "SC Zitadelle Spandau 1977 e.V."]

1. e4 e5 2. Nf3 d5 3. Nxe5 dxe4 4. d4 exd3 5. Bxd3 Be6 6. O-O Bd6 7. Re1 Qf6 8.
Bb5+ c6 9. Qxd6 cxb5 10. Nc3 Ne7 11. Ne4 Qf5 12. g4 1-0

[Event "35. Potsdamer Weihnachtsturnier"]
[Site "?"]
[Date "2010.12.29"]
[Round "6.41"]
[White "Leyrer, Thomas"]
[Black "Calamar, Traian"]
[Result "0-1"]
[WhiteElo "1618"]
[BlackElo "1864"]
[PlyCount "66"]
[EventDate "2010.??.??"]
[WhiteTeam "SV Königsjäger Süd-West e.V."]
[BlackTeam "ohne Verein"]

1. d4 g6 2. c4 Bg7 3. Nf3 Nf6 4. Nc3 O-O 5. Bg5 d6 6. e3 h6 7. Bh4 g5 8. Bg3
Nh5 9. Bd3 Nxg3 10. fxg3 f5 11. Bc2 Nc6 12. Qd3 e5 13. dxe5 Nb4 14. Qe2 dxe5
15. Rd1 Nxc2+ 16. Qxc2 Qe7 17. Nd5 Qf7 18. O-O c6 19. Nb4 Be6 20. b3 a5 21. Nd3
e4 22. Nde5 Qc7 23. Nd4 Qxe5 24. Nxe6 Qxe6 25. Rd2 Rad8 26. Rfd1 Qe7 27. c5 Bf6
28. Qc4+ Kh8 29. Rxd8 Rxd8 30. Rxd8+ Qxd8 31. Qf7 f4 32. gxf4 gxf4 33. Qh5 Bg7
0-1

[Event "35. Potsdamer Weihnachtsturnier"]
[Site "?"]
[Date "2010.12.29"]
[Round "6.42"]
[White "Heinrich, Daniela"]
[Black "Friedel, Manuel"]
[Result "1/2-1/2"]
[WhiteElo "1476"]
[BlackElo "1633"]
[PlyCount "82"]
[EventDate "2010.??.??"]
[WhiteTeam "Schachverein Briesen e.V."]
[BlackTeam "SC Empor Potsdam 1952 e.V."]

1. e4 e6 2. d4 d5 3. exd5 exd5 4. Bd3 Bd6 5. Qe2+ Qe7 6. Nc3 c6 7. Bg5 Qxe2+ 8.
Ngxe2 Ne7 9. Ng3 Be6 10. Nce2 Nd7 11. Nf4 h6 12. Nxe6 fxe6 13. Bxe7 Kxe7 14.
O-O Kf7 15. f4 g6 16. Rae1 Rae8 17. Re2 Nf6 18. a3 c5 19. c3 cxd4 20. cxd4 a6
21. Rc2 Rc8 22. Ne2 Rxc2 23. Bxc2 Rc8 24. Rc1 Rc6 25. g3 Ng4 26. Bd3 Rxc1+ 27.
Nxc1 b5 28. a4 bxa4 29. Bxa6 a3 30. bxa3 Bxa3 31. Be2 Ne3 32. Nd3 Nc2 33. Ne5+
Kf6 34. Nxg6 Nxd4 35. Bh5 Nf5 36. Ne5 Bb2 37. Nd3 Bd4+ 38. Kg2 Ne3+ 39. Kf3 Nf5
40. Be8 Bb6 41. g4 Nd6 1/2-1/2

[Event "35. Potsdamer Weihnachtsturnier"]
[Site "?"]
[Date "2010.12.29"]
[Round "6.43"]
[White "Faust, Adrian"]
[Black "Raulin, Kian"]
[Result "0-1"]
[WhiteElo "1194"]
[BlackElo "1304"]
[PlyCount "78"]
[EventDate "2010.??.??"]
[WhiteTeam "Potsdamer SV Mitte e.V."]
[BlackTeam "SC Zitadelle Spandau 1977 e.V."]

1. Nf3 Nf6 2. d4 d5 3. Bf4 Bf5 4. e3 e6 5. c4 Bb4+ 6. Nbd2 O-O 7. Be2 c6 8. O-O
Bd6 9. Bxd6 Qxd6 10. c5 Qc7 11. Nh4 Bg6 12. Nxg6 hxg6 13. Bd3 Nbd7 14. f4 b6
15. b4 a5 16. a3 b5 17. e4 dxe4 18. Nxe4 Nxe4 19. Bxe4 Nf6 20. Qe2 Rfd8 21.
Rfd1 axb4 22. Qf3 Nxe4 23. Qxe4 bxa3 24. Rd3 b4 25. Rb3 Rdb8 26. g3 Qd7 27. Qe5
Qd5 28. Qe3 Ra4 29. Kf2 Rd8 30. Rd3 Raa8 31. Kg1 Ra5 32. Qd2 Qc4 33. Rc1 Qb5
34. Rb3 Ra4 35. Rc2 Rda8 36. Ra2 Qc4 37. Qd3 Qd5 38. Kf2 Rd8 39. Ke3 f6 0-1

[Event "35. Potsdamer Weihnachtsturnier"]
[Site "?"]
[Date "2010.12.29"]
[Round "6.44"]
[White "Paul, Fabian"]
[Black "Born, Jonathan"]
[Result "1-0"]
[WhiteElo "1245"]
[BlackElo "918"]
[PlyCount "49"]
[EventDate "2010.??.??"]
[WhiteTeam "SC Zitadelle Spandau 1977 e.V."]
[BlackTeam "SV Königsjäger Süd-West e.V."]

1. c4 c5 2. g3 g6 3. Nf3 Nf6 4. Bg2 d6 5. O-O Bg7 6. Nc3 O-O 7. d4 cxd4 8. Nxd4
Nc6 9. Nxc6 bxc6 10. Bxc6 Rb8 11. Nb5 Bh3 12. Re1 Qb6 13. Bh1 Ng4 14. e3 Bxb2
15. Bxb2 a6 16. Bd4 Qa5 17. Nc3 e5 18. Nd5 exd4 19. Qxd4 Rfc8 20. Ne7+ Kf8 21.
Nxc8 Rxc8 22. Qh8+ Ke7 23. Qxc8 Qd2 24. Qb7+ Ke8 25. Qf3 1-0

[Event "35. Potsdamer Weihnachtsturnier"]
[Site "?"]
[Date "2010.12.29"]
[Round "6.46"]
[White "Niels, Jonas-Paul"]
[Black "Sandbrand, Alexandru"]
[Result "0-1"]
[WhiteElo "862"]
[BlackElo "1374"]
[PlyCount "62"]
[EventDate "2010.??.??"]
[WhiteTeam "Schachverein Briesen e.V."]
[BlackTeam "SC Weisse Dame e.V."]

1. e4 e5 2. Nf3 Nc6 3. Bb5 Bc5 4. Bxc6 bxc6 5. Nxe5 Nh6 6. h3 Bb7 7. d4 Bb4+ 8.
Bd2 Bxd2+ 9. Nxd2 d5 10. Nef3 c5 11. exd5 Qe7+ 12. Qe2 Qxe2+ 13. Kxe2 cxd4 14.
Nxd4 Bxd5 15. Rhe1 O-O 16. g4 Bg2 17. g5 c5 18. gxh6 cxd4 19. hxg7 Rfe8+ 20.
Kd3 Bxh3 21. Rg1 Bf5+ 22. Kc4 Re2 23. Nf3 Rxc2+ 24. Kxd4 Rxb2 25. Ne5 Be6 26.
Nc6 Rb7 27. Rab1 Rd7+ 28. Ke4 Bd5+ 29. Kf4 Bxc6 30. a3 Re8 31. Kf5 Be4+ 0-1

[Event "35. Potsdamer Weihnachtsturnier"]
[Site "?"]
[Date "2010.12.29"]
[Round "6.47"]
[White "Hunstock, Fabian"]
[Black "Wolff, Marie Antoinette"]
[Result "1/2-1/2"]
[WhiteElo "1123"]
[BlackElo "1002"]
[PlyCount "108"]
[EventDate "2010.??.??"]
[WhiteTeam "SC Zitadelle Spandau 1977 e.V."]
[BlackTeam "SG Blau-Weiß 1948 Leegebruch"]

1. d4 d5 2. c4 Nf6 3. Nc3 e6 4. Bg5 Bb4 5. e3 c6 6. Nf3 Qa5 7. Bxf6 Bxc3+ 8.
bxc3 Qxc3+ 9. Nd2 gxf6 10. Rc1 Qa5 11. Qc2 Na6 12. cxd5 Nb4 13. Qb3 exd5 14.
Ra1 Bf5 15. Rc1 Rc8 16. a3 Na6 17. Bxa6 bxa6 18. O-O Qxd2 19. Qb7 O-O 20. Qxa7
Be4 21. Qe7 Qb2 22. Qxf6 Qxa3 23. Rxc6 Rxc6 24. Qxc6 Bd3 25. Re1 Qb4 26. Rc1
Rb8 27. h3 a5 28. Qxd5 a4 29. Rc7 Bg6 30. Qg5 Qe1+ 31. Kh2 Qxf2 32. Ra7 Qa2 33.
d5 a3 34. d6 Qd2 35. Qe5 Qb2 36. Qa5 a2 37. Qxa2 Qxa2 38. Rxa2 Rd8 39. Rd2 Bf5
40. g4 Be6 41. e4 Bd7 42. g5 Re8 43. Re2 Re6 44. e5 Bb5 45. Re3 Bd7 46. Kg3 Rg6
47. h4 Kg7 48. Kf4 h6 49. Ra3 hxg5+ 50. hxg5 Be6 51. Ra7 Kf8 52. Re7 Rg7 53.
Rc7 Ke8 54. Ra7 Kd8 1/2-1/2

[Event "35. Potsdamer Weihnachtsturnier"]
[Site "?"]
[Date "2010.12.29"]
[Round "6.48"]
[White "Wolff, Joachim Peter"]
[Black "Reyher, Bastian"]
[Result "1-0"]
[WhiteElo "1116"]
[BlackElo "717"]
[PlyCount "71"]
[EventDate "2010.??.??"]
[WhiteTeam "SG Blau-Weiß 1948 Leegebruch"]
[BlackTeam "SC Empor Potsdam 1952 e.V."]

1. e4 e5 2. Nf3 Nc6 3. Bb5 a6 4. Bxc6 dxc6 5. Nxe5 Nf6 6. Nc3 Bc5 7. d3 Be6 8.
Qe2 Qd6 9. Bf4 O-O-O 10. Qd2 Bd4 11. Nxf7 Qf8 12. Nxh8 Qxh8 13. O-O-O Nh5 14.
Bg5 Rd6 15. f4 c5 16. f5 Bd7 17. Ne2 h6 18. Be7 Rc6 19. Nxd4 cxd4 20. Rhf1 Qe8
21. Qb4 Rb6 22. Qa3 Nf4 23. Rxf4 g5 24. Rg4 Qh5 25. h3 Kb8 26. Bc5 Rc6 27. Bxd4
Rd6 28. Be5 Rc6 29. d4 b5 30. d5 Rb6 31. Qa5 Rb7 32. d6 c6 33. Qd8+ Ka7 34.
Bd4+ Rb6 35. Qxb6+ Ka8 36. Qa7# 1-0

[Event "35. Potsdamer Weihnachtsturnier"]
[Site "?"]
[Date "2010.12.29"]
[Round "6.50"]
[White "Motsch, Sebastian"]
[Black "Gersdorf, Jonas"]
[Result "1-0"]
[WhiteElo "973"]
[BlackElo "876"]
[PlyCount "95"]
[EventDate "2010.??.??"]
[WhiteTeam "Ludwigsfelder SC 54"]
[BlackTeam "Schachverein Briesen e.V."]

1. Nf3 d5 2. d4 Nc6 3. Nc3 Nf6 4. e3 Bf5 5. Bd3 Bxd3 6. cxd3 Qd7 7. O-O O-O-O
8. Ne5 Nxe5 9. dxe5 Ng4 10. d4 Qf5 11. f3 Nh6 12. e4 dxe4 13. fxe4 Qg6 14. Qd3
Ng4 15. Qc4 Qh5 16. Bf4 g5 17. Bg3 Ne3 18. Qxf7 Qxf7 19. Rxf7 Rxd4 20. Bf2 Rd3
21. Rf3 Nc2 22. Rxd3 Nxa1 23. Rd2 Bh6 24. Bd4 Rd8 25. Nd5 g4 26. Re2 c6 27.
Nxe7+ Kb8 28. Nf5 Bg5 29. b3 c5 30. Bxa1 Rd1+ 31. Kf2 Rxa1 32. e6 Kc8 33. Kg3
Rf1 34. Kxg4 Bf4 35. Rc2 Rc1 36. Rf2 Bxh2 37. Rd2 Re1 38. Kf3 Rf1+ 39. Kg4 Rf4+
40. Kg5 Rxe4 41. e7 Bf4+ 42. Kf6 Bxd2 43. Nd6+ Kd7 44. Nxe4 Ba5 45. Kf7 Kc7 46.
e8=Q Kb6 47. Nd6 Kc7 48. Ke7 1-0

[Event "35. Potsdamer Weihnachtsturnier"]
[Site "?"]
[Date "2010.12.29"]
[Round "6.51"]
[White "Gersdorf, Victoria"]
[Black "Lippianowski, Stefan"]
[Result "1-0"]
[WhiteElo "881"]
[BlackElo "1280"]
[PlyCount "75"]
[EventDate "2010.??.??"]
[WhiteTeam "Schachverein Briesen e.V."]
[BlackTeam "Treptower SV 1949 e.V."]

1. e4 e5 2. Nf3 Nc6 3. Bb5 a6 4. Ba4 Nf6 5. Nc3 Bc5 6. O-O Nd4 7. d3 b5 8. Bb3
h6 9. Nxe5 Ne6 10. d4 d6 11. Nc6 Qd7 12. d5 Nd8 13. Nxd8 Qxd8 14. Bf4 Bg4 15.
Qe1 g5 16. e5 Nh5 17. exd6+ Kd7 18. dxc7 Qe8 19. Ne4 Kc8 20. Qa5 Qxe4 21. Rae1
Qxf4 22. Qc3 Rf8 23. Qxc5 Kb7 24. Re7 Rfe8 25. Qc6+ Ka7 26. d6 Nf6 27. Rfe1 Bd7
28. Qc5+ Kb7 29. g3 Qg4 30. Bd5+ Nxd5 31. Qxd5+ Bc6 32. Qc5 Qf3 33. Kf1 Qg4 34.
R1e3 Bf3 35. d7 Rxe7 36. d8=Q Qh3+ 37. Ke1 Rxd8 38. cxd8=Q 1-0